Territory of Dakota
Saved in:
| Main Author: | |
|---|---|
| Corporate Authors: | , |
| Format: | Electronic |
| Language: | English |
| Published: |
[1880].
|
| Series: | David Rumsey Collection digital maps
|
| Subjects: | |
| Tags: |
Add Tag
No Tags, Be the first to tag this record!
|
| LEADER | 01314nea a2200337Ka 4500 | ||
|---|---|---|---|
| 001 | 012024937-5 | ||
| 005 | 20090630193809.0 | ||
| 008 | 060606s1880 paud a s 0 eng d | ||
| 034 | 1 | |a a |b 2300000 |d W1040300 |e WW0962600 |f N0490000 |g N0422900 | |
| 035 | 0 | |a ocm69949324 | |
| 040 | |a CUY |c CUY | ||
| 043 | |a n-us-sd |a n-us-nd | ||
| 052 | |a 4170 | ||
| 052 | |a 4180 | ||
| 100 | 1 | |a Mitchell, S. Augustus |q (Samuel Augustus), |d 1792-1868. | |
| 245 | 1 | 0 | |a Territory of Dakota |h [electronic resource]. |
| 255 | |a Scale [ca. 1:2,300,000]. | ||
| 260 | |c [1880]. | ||
| 500 | |a Relief shown by hachures. | ||
| 500 | |a Shows counties, Indian and military reservations, settlements, railroads, rivers, etc. | ||
| 500 | |a Scanned raster image of original: 1 map : hand col. ; 35 x 29 cm. | ||
| 500 | |a Original in the David Rumsey Collection; scanned by Cartography Associates. | ||
| 651 | 0 | |a South Dakota |v Maps. | |
| 651 | 0 | |a North Dakota |v Maps. | |
| 651 | 0 | |a Dakota Territory |v Maps. | |
| 710 | 2 | |a David Rumsey Collection. | |
| 710 | 2 | |a Cartography Associates. | |
| 773 | 0 | |a Mitchell, S. Augustus (Samuel Augustus), 1792-1868. |t Mitchell's new general atlas. |d Philadelphia : S. Augustus Mitchell, 1880, c1879. |g p. 88. |w (OCoLC)69371482 | |
| 830 | 0 | |a David Rumsey Collection digital maps |5 net | |
| 988 | |a 20090630 | ||
| 906 | |0 OCLC | ||


